[Event "ICS rated blitz match"]
[Site "204.178.125.65"]
[Date "1999.12.21"]
[Round "?"]
[White "Hossa"]
[Black "Comet"]
[Result "0-1"]
[WhiteElo "2415"]
[BlackElo "2404"]
[PlyCount "146"]

1. e4 c5 2. Nf3 e6 3. d4 cxd4 4. Nxd4 a6 5. Bd3 Bc5 6. Nb3 Ba7 7. Qe2 Nc6 8. e5
Nge7 9. Bf4 Ng6 10. Bg3 Qc7 11. Be4 Bb8 12. f4 Ba7 13. Nc3 O-O 14. O-O-O b5 15.
Qd3 b4 16. Ne2 Bb6 17. Nbd4 Bb7 18. Nf3 Rac8 19. Qxd7 Nd4 20. Rxd4 Qxd7 21.
Rxd7 Be3+ 22. Kb1 Bxe4 23. Ne1 Rfd8 24. Rxd8+ Rxd8 25. Nf3 Rc8 26. Ne1 Kf8 27.
h4 Ne7 28. Nd3 Nd5 29. Ne1 Bd2 30. Nd4 Rc4 31. Nef3 Be3 32. Rd1 Ke7 33. Be1
Bxf4 34. g3 Be3 35. Bd2 f6 36. Re1 Bxf3 37. Nxf3 Re4 38. a3 a5 39. Ka2 h6 40.
axb4 axb4 41. Bxe3 Nxe3 42. c4 bxc3 43. bxc3 Nd5 44. exf6+ gxf6 45. Kb3 Rxe1
46. Nxe1 Ne3 47. Nf3 h5 48. Nd2 Kd6 49. Nc4+ Nxc4 50. Kxc4 e5 51. Kd3 f5 52.
Kc4 e4 53. Kd4 Kc6 54. Kc4 Kb6 55. Kd4 Kb5 56. Ke3 Kc4 57. Ke2 Kxc3 58. Ke3 Kc2
59. Ke2 Kb3 60. Kf2 Kc4 61. Ke3 Kc3 62. Kf4 Kd4 63. Kg5 Ke5 64. Kg6 e3 65. Kxh5
e2 66. Kg6 e1=Q 67. Kf7 f4 68. h5 fxg3 69. Ke7 g2 70. Kf7 g1=Q 71. Ke7 Qg7+ 72.
Ke8 Kd6+ 73. Kd8 Qc7# 0-1

[Event "ICS rated blitz match"]
[Site "204.178.125.65"]
[Date "1999.12.21"]
[Round "?"]
[White "Shilan"]
[Black "Hossa"]
[Result "0-1"]
[WhiteElo "2285"]
[BlackElo "2398"]
[PlyCount "84"]

1. e4 c5 2. c3 e5 3. Nf3 Nc6 4. Bc4 Nf6 5. Ng5 d5 6. exd5 Nxd5 7. Qf3 Qxg5 8.
Bxd5 Qf6 9. Bxc6+ bxc6 10. Qxf6 gxf6 11. O-O Bf5 12. Re1 Bd3 13. b3 c4 14. Ba3
cxb3 15. axb3 c5 16. f4 e4 17. b4 Bd6 18. g3 Rg8 19. Kf2 cxb4 20. Bxb4 Bc7 21.
Bc5 a5 22. Na3 Rb8 23. Ke3 a4 24. Bd4 Bb6 25. Bxb6 Rxb6 26. Rec1 Rb2 27. c4 Kd7
28. Nb5 Rc8 29. Nd4 Ra8 30. Nb5 Rb4 31. Na3 Rab8 32. Rc3 h5 33. h4 Rc8 34. c5
Rg8 35. Rg1 Kc6 36. Nc2 Bxc2 37. Rxc2 f5 38. Rc3 Rb3 39. Kd4 Rd8+ 40. Kc4 Rb5
41. Ra3 Rxc5+ 42. Kb4 Rd4# 0-1

[Event "ICS rated blitz match"]
[Site "204.178.125.65"]
[Date "1999.12.21"]
[Round "?"]
[White "sergor"]
[Black "Hossa"]
[Result "1/2-1/2"]
[WhiteElo "2373"]
[BlackElo "2409"]
[PlyCount "130"]

1. d4 Nf6 2. c4 g6 3. Nc3 Bg7 4. e4 d6 5. Be2 O-O 6. Bg5 h6 7. Be3 e5 8. d5
Nbd7 9. Qd2 Nc5 10. f3 Kh7 11. g4 Ng8 12. h4 Kh8 13. O-O-O Bd7 14. Nh3 f6 15.
Nf2 b6 16. Nd3 a6 17. Nxc5 bxc5 18. Kb1 Rb8 19. Ka1 Qe7 20. Rb1 Qf7 21. Bd1 Rb4
22. a3 Rb6 23. Ba4 Bxa4 24. Nxa4 Rb3 25. Ka2 Rfb8 26. h5 g5 27. Nc3 Ne7 28. Qc2
c6 29. Qxb3 Rxb3 30. Kxb3 cxd5 31. Nxd5 Nxd5 32. cxd5 Qb7+ 33. Kc2 Qb5 34. Rhe1
Qc4+ 35. Kd2 Qb3 36. Rec1 Qa2 37. Ke2 c4 38. Bd2 Kg8 39. Bb4 Bf8 40. Kf2 Be7
41. Kg3 Kf7 42. Bc3 Bd8 43. b3 cxb3 44. Rb2 Qxa3 45. Rcb1 Be7 46. Rxb3 Qa2 47.
R1b2 Qa4 48. Bd2 Qd4 49. Be3 Qd1 50. Rb1 Qe2 51. Bf2 a5 52. Rb7 Qc2 53. R1b6
Qc8 54. Ra7 Ke8 55. Rbb7 Bf8 56. Rb5 Be7 57. Rbxa5 Qc1 58. Rb5 f5 59. Rb8+ Bd8
60. gxf5 g4 61. fxg4 Qf4+ 62. Kg2 Qxg4+ 63. Kf1 Qd1+ 64. Kg2 Qg4+ 65. Kf1 Qd1+
1/2-1/2

[Event "ICS rated blitz match"]
[Site "204.178.125.65"]
[Date "1999.12.21"]
[Round "?"]
[White "Hossa"]
[Black "Shilan"]
[Result "1-0"]
[WhiteElo "2407"]
[BlackElo "2282"]
[PlyCount "49"]

1. e4 e5 2. Nf3 Nc6 3. Bb5 Nge7 4. O-O Ng6 5. d4 exd4 6. Nxd4 Be7 7. Nxc6 bxc6
8. Bc4 O-O 9. Nc3 d6 10. Be3 Be6 11. Bb3 Bf6 12. Bd4 Qe7 13. Bxf6 Qxf6 14. Qd2
Nf4 15. Kh1 Bxb3 16. axb3 Rfe8 17. Ra6 Re5 18. Rxc6 Nxg2 19. f4 Nh4 20. Nd5 Qg6
21. f5 Qg4 22. Rf4 Qg5 23. Qf2 Ng2 24. Qxg2 Qh4 25. Rxh4 1-0

[Event "ICS rated blitz match"]
[Site "204.178.125.65"]
[Date "1999.12.21"]
[Round "?"]
[White "summit"]
[Black "Hossa"]
[Result "1/2-1/2"]
[WhiteElo "2381"]
[BlackElo "2417"]
[PlyCount "172"]

1. f4 Nf6 2. Nf3 c5 3. e3 d5 4. b3 Bf5 5. Bb5+ Nbd7 6. O-O a6 7. Bxd7+ Bxd7 8.
d4 Ne4 9. dxc5 e6 10. Qd4 Rc8 11. c4 Nxc5 12. Ba3 dxc4 13. bxc4 Be7 14. Ne5 Rc7
15. Nd2 Ba4 16. Qxd8+ Bxd8 17. Bxc5 Rxc5 18. Ne4 Rc7 19. Nd6+ Kf8 20. Rab1 f6
21. Nxb7 Be7 22. Na5 g6 23. Nd3 Bc2 24. Rb8+ Kg7 25. Rxh8 Kxh8 26. Nc1 Bc5 27.
Kf2 Bb6 28. Ncb3 Bxb3 29. Nxb3 Rxc4 30. Kf3 Rc3 31. Re1 g5 32. fxg5 fxg5 33.
Re2 Kg7 34. Ke4 h5 35. Nd4 Bxd4 36. Kxd4 Rc1 37. Rf2 Re1 38. e4 Rc1 39. Ke5 Rc4
40. Rb2 Ra4 41. Kxe6 Rxe4+ 42. Kf5 Rg4 43. g3 a5 44. Rb7+ Kh6 45. a3 Rd4 46.
Rb6+ Kg7 47. Rg6+ Kf7 48. Rxg5 Rd5+ 49. Kf4 Rd4+ 50. Ke5 Ra4 51. Rxh5 Rxa3 52.
g4 Rb3 53. Kd6 Rd3+ 54. Rd5 Rh3 55. Rxa5 Rh6+ 56. Ke5 Rxh2 57. Ra6 Re2+ 58. Kf5
Rf2+ 59. Kg5 Kg8 60. Kg6 Rf8 61. g5 Re8 62. Kh6 Rf8 63. g6 Re8 64. g7 Rd8 65.
Rc6 Re8 66. Rd6 Rc8 67. Rf6 Rd8 68. Re6 Rc8 69. Ra6 Rd8 70. Rf6 Re8 71. Rb6 Rd8
72. Kh5 Kxg7 73. Rb7+ Kh8 74. Rf7 Re8 75. Rd7 Rf8 76. Re7 Rg8 77. Rf7 Rg3 78.
Rf8+ Kg7 79. Re8 Rh3+ 80. Kg5 Rh2 81. Rd8 Rh1 82. Re8 Rg1+ 83. Kh5 Rh1+ 84. Kg5
Rg1+ 85. Kh5 Rh1+ 86. Kg5 Rg1+ 1/2-1/2

[Event "ICS rated blitz match"]
[Site "204.178.125.65"]
[Date "1999.12.21"]
[Round "?"]
[White "Hossa"]
[Black "Viveiros"]
[Result "1-0"]
[WhiteElo "2415"]
[BlackElo "2132"]
[PlyCount "117"]

1. e4 c5 2. Nf3 d6 3. d4 cxd4 4. Nxd4 Nf6 5. Nc3 a6 6. Be3 e6 7. f3 b5 8. Bd3
Bb7 9. O-O Nc6 10. Nxc6 Bxc6 11. Qd2 Be7 12. a4 b4 13. Ne2 Rb8 14. Bxa6 d5 15.
Nd4 Bd7 16. e5 Ng8 17. Bb5 h5 18. Nc6 Bxc6 19. Bxc6+ Kf8 20. Bb5 Nh6 21. Bf4
Nf5 22. Bd3 Bc5+ 23. Kh1 g6 24. Bxf5 gxf5 25. Bg5 Qa5 26. Bf6 Rg8 27. Qh6+ Ke8
28. Qxh5 b3 29. Qh7 Rf8 30. c3 Ra8 31. Bg7 Qa6 32. Rfe1 Qd3 33. Bxf8 Bxf8 34.
Qh4 Qc2 35. Rab1 Rc8 36. a5 Rc4 37. Qh7 Ra4 38. Rec1 Qf2 39. Rf1 Qc2 40. Qg8
Rxa5 41. g4 Ra2 42. gxf5 Qxf5 43. Ra1 Qc2 44. Rfb1 Qe2 45. Qg4 Qxe5 46. Rxa2
bxa2 47. Qa4+ Ke7 48. Qxa2 Kf6 49. Qa4 Bh6 50. Rg1 Qf5 51. Qd4+ Qe5 52. Qh4+
Bg5 53. Qh8+ Kf5 54. Rxg5+ Kxg5 55. Qxe5+ f5 56. f4+ Kg4 57. Kg2 d4 58. h3+ Kh4
59. Qh8# 1-0

[Event "ICS rated blitz match"]
[Site "204.178.125.65"]
[Date "1999.12.21"]
[Round "?"]
[White "BrunoSam"]
[Black "Hossa"]
[Result "0-1"]
[WhiteElo "2195"]
[BlackElo "2429"]
[PlyCount "92"]

1. c4 e6 2. Nf3 Nf6 3. g3 d5 4. Bg2 dxc4 5. Qa4+ Nbd7 6. Qxc4 Bd6 7. O-O e5 8.
d3 Nb6 9. Qc2 O-O 10. Nc3 Nbd5 11. Nxd5 Nxd5 12. a3 Re8 13. Nd2 c6 14. Ne4 Be7
15. Bd2 Bg4 16. Rfe1 Qd7 17. Nc5 Bxc5 18. Qxc5 Bh3 19. Bh1 f6 20. Rac1 Red8 21.
b4 Kh8 22. Qc4 a6 23. Qh4 Kg8 24. a4 Nb6 25. Be4 Bf5 26. Bxf5 Qxf5 27. b5 axb5
28. axb5 cxb5 29. Rc7 Rd7 30. Rec1 Rxc7 31. Rxc7 Ra4 32. f4 Ra1+ 33. Kf2 Ra2
34. g4 Qe6 35. f5 Qe8 36. Bh6 Nd7 37. Be3 b6 38. Qh5 Qd8 39. Bxb6 Ra6 40. Be3
Qxc7 41. Qe8+ Nf8 42. h4 Qc6 43. Qb8 Ra2 44. g5 Qc2 45. Kf3 Qxe2+ 46. Ke4 Qg2#
0-1

[Event "ICS rated blitz match"]
[Site "204.178.125.65"]
[Date "1999.12.21"]
[Round "?"]
[White "Hossa"]
[Black "BrunoSam"]
[Result "1-0"]
[WhiteElo "2434"]
[BlackElo "2185"]
[PlyCount "87"]
[EventDate "1999.??.??"]

1. e4 e6 2. d4 d5 3. Nc3 Bb4 4. e5 c5 5. Bd2 Ne7 6. a3 Bxc3 7. Bxc3 cxd4 8.
Qxd4 Nbc6 9. Qg4 d4 10. O-O-O Nf5 11. Nf3 h5 12. Qe4 Qb6 13. Nxd4 Ncxd4 14.
Bxd4 Nxd4 15. Qxd4 Qxd4 16. Rxd4 Bd7 17. Be2 Bc6 18. Rhd1 Ke7 19. Rd6 h4 20.
Bf3 Bxf3 21. Rd7+ Kf8 22. Rd8+ Rxd8 23. Rxd8+ Ke7 24. Rxh8 Bxg2 25. Rxh4 Bd5
26. Kd2 b5 27. Rh8 f6 28. Rc8 fxe5 29. Rc7+ Kf6 30. Rxa7 g5 31. a4 bxa4 32.
Rxa4 Kf5 33. b4 Bc6 34. Ra3 Kf4 35. c4 Ke4 36. b5 Be8 37. Ra8 Bh5 38. b6 Bf3
39. b7 Kd4 40. Rd8+ Kxc4 41. b8=Q Bd5 42. Qc7+ Kd4 43. f3 g4 44. Qc3# 1-0

[Event "ICS rated blitz match"]
[Site "204.178.125.65"]
[Date "2000.01.13"]
[Round "?"]
[White "StrongBach"]
[Black "Hossa"]
[Result "0-1"]
[WhiteElo "1798"]
[BlackElo "2439"]
[PlyCount "72"]

1. d4 Nf6 2. Qd3 d5 3. Bf4 Nbd7 4. Nf3 e6 5. a3 Be7 6. Nc3 c5 7. Qe3 Ng4 8. Qc1
cxd4 9. Nb1 Qa5+ 10. Bd2 Qb6 11. a4 Bc5 12. Bg5 e5 13. Nbd2 e4 14. Ng1 e3 15.
fxe3 dxe3 16. Nb1 Nf2 17. a5 Qe6 18. b4 Bxb4+ 19. c3 Bc5 20. Bh6 Qxh6 21. Ra4
Nxh1 22. Nf3 Nf2 23. Ra2 Qf4 24. Qb2 O-O 25. Qb3 Nf6 26. Rb2 Rd8 27. Na3 Qc7
28. Qa4 Bxa3 29. Qxa3 d4 30. Nxd4 Rxd4 31. Rb1 Rc4 32. Qb3 Rxc3 33. Qb2 Qxa5
34. Qb4 Rc1+ 35. Rxc1 Qxb4+ 36. Rc3 Qxc3# 0-1

[Event "ICS rated blitz match"]
[Site "204.178.125.65"]
[Date "2000.01.13"]
[Round "?"]
[White "Amateur"]
[Black "Hossa"]
[Result "0-1"]
[WhiteElo "2530"]
[BlackElo "2440"]
[PlyCount "224"]

1. e4 c5 2. Nf3 d6 3. d4 cxd4 4. Nxd4 Nf6 5. Nc3 Nc6 6. Bg5 e6 7. Qd2 Be7 8.
O-O-O a6 9. Nb3 Bd7 10. Be2 b5 11. Bxf6 gxf6 12. Qe3 Rc8 13. Qg3 Bf8 14. Bh5
Qc7 15. Qf4 Rg8 16. Qxf6 Nd8 17. a3 a5 18. Qd4 Rxg2 19. Bf3 Rg6 20. Qd3 Qb6 21.
Bh5 Rg5 22. Be2 Qxf2 23. Nxa5 Qb6 24. Nb3 b4 25. h4 Rg2 26. axb4 Qxb4 27. Qf3
Rg6 28. h5 Rg8 29. Kb1 Ra8 30. h6 Rg6 31. Qe3 Nc6 32. Rh5 Ne5 33. Qd2 Qb7 34.
Rh3 Bc6 35. Re1 Be7 36. Bh5 Rg8 37. Qf2 Qa7 38. Qxa7 Rxa7 39. Nd4 Bd7 40. Rf1
Ra5 41. Rh2 Rg5 42. Be2 Nc6 43. Nb3 Ra8 44. Rhf2 Nd8 45. Rf3 f6 46. Rh3 Nf7 47.
Bf3 Ne5 48. Be2 Rg2 49. Nd4 Rc8 50. Ba6 Rb8 51. Rd1 Ra8 52. Be2 Kf8 53. Rhh1
Kf7 54. Rdf1 Rag8 55. Na2 Ke8 56. Nc3 Bc8 57. Bb5+ Kf7 58. Be2 Kf8 59. Ncb5
R8g3 60. Nc7 Kg8 61. Re1 Kf7 62. Rc1 Bd8 63. Ncb5 Ke7 64. Bf1 Rd2 65. Nb3 Rf2
66. Rd1 Nf7 67. Bc4 Bd7 68. Nc3 Rg6 69. Bd3 Bc7 70. Rh3 Rfg2 71. e5 f5 72. Bf1
Rf2 73. exd6+ Bxd6 74. Ba6 Nxh6 75. Bb7 Be8 76. Nc1 Rh2 77. Rhd3 Nf7 78. Nb3 e5
79. Na5 e4 80. Rd5 Be5 81. Rc5 Kf8 82. Bd5 Nd6 83. Ba8 Bg3 84. Rxd6 Bxd6 85.
Rxf5+ Kg7 86. Nxe4 Bb4 87. Nc4 Rg1+ 88. Ka2 Rxc2 89. Kb3 Bg6 90. Rf4 Rgc1 91.
Ne5 Bc5 92. Nd3 Bf7+ 93. Rxf7+ Kxf7 94. Nexc5 Rxc5 95. Nxc1 Rxc1 96. Ka2 h5 97.
b4 Kf6 98. b5 Rc5 99. Bc6 Rxc6 100. bxc6 Ke7 101. Kb3 h4 102. Kc4 h3 103. Kb4
Kd6 104. c7 Kxc7 105. Kc5 h2 106. Kd5 h1=Q+ 107. Ke5 Qh4 108. Kd5 Qf4 109. Kc5
Qe4 110. Kb5 Qd4 111. Ka5 Kc6 112. Ka6 Qa4# 0-1

[Event "ICS rated blitz match"]
[Site "204.178.125.65"]
[Date "2000.01.13"]
[Round "?"]
[White "Hossa"]
[Black "StrongBach"]
[Result "1-0"]
[WhiteElo "2451"]
[BlackElo "1820"]
[PlyCount "55"]

1. e4 Nf6 2. e5 Ne4 3. d4 e6 4. Qe2 f5 5. exf6 Nxf6 6. g4 a5 7. g5 Ng8 8. Nf3
Bd6 9. Qe4 a4 10. Bd3 Nc6 11. c3 Qe7 12. Be3 e5 13. d5 Nd8 14. Bb5 a3 15. Nxa3
Bxa3 16. bxa3 Rxa3 17. Qc4 Ra8 18. Bc5 Qf7 19. Nxe5 Qf5 20. Qe2 Rxa2 21. Qxa2
Qe4+ 22. Kd2 Qf4+ 23. Kd1 c6 24. Re1 Ne6 25. dxe6 dxe6 26. Qxe6+ Bxe6 27. Ra8+
Bc8 28. Rxc8# 1-0

[Event "ICS rated bullet match"]
[Site "204.178.125.65"]
[Date "2000.01.13"]
[Round "?"]
[White "JSBach"]
[Black "Hossa"]
[Result "0-1"]
[WhiteElo "2065"]
[BlackElo "2464"]
[PlyCount "108"]

1. d4 Nf6 2. Bf4 g6 3. e3 Nc6 4. d5 Nb4 5. Nc3 e6 6. e4 exd5 7. exd5 Qe7+ 8.
Be2 Qc5 9. Be3 Qa5 10. Bf3 Bg7 11. Nge2 Na6 12. O-O Qb4 13. Qc1 O-O 14. a3 Qe7
15. a4 Nb4 16. Qd2 a6 17. h4 Re8 18. Rac1 c6 19. d6 Qe6 20. Nf4 Qe5 21. Qd4
Qxd4 22. Bxd4 a5 23. Be2 Nh5 24. Nxh5 Bxd4 25. Ng3 Bxc3 26. bxc3 Na2 27. Ra1
Nxc3 28. Bc4 b5 29. axb5 cxb5 30. Ra3 b4 31. Rb3 Ba6 32. Bxa6 Rxa6 33. Ra1 Nd5
34. Rd3 Nf6 35. Rd4 Raa8 36. Rc1 Rac8 37. Rf4 Re6 38. Ra1 Rc5 39. Rd4 Ne8 40.
Ne4 Rxc2 41. Rxa5 f5 42. Ng3 Re1+ 43. Nf1 Rcc1 44. Kh2 Rxf1 45. Rxb4 Nxd6 46.
Ra7 Ne4 47. Rb8+ Kf7 48. Rxd7+ Ke6 49. Re7+ Kxe7 50. Rb7+ Kd6 51. Rb6+ Kc5 52.
Rc6+ Kxc6 53. g4 Rxf2+ 54. Kh3 Rh1# 0-1

[Event "ICS Rated blitz match"]
[Site "204.178.125.65"]
[Date "2000.01.13"]
[Round "?"]
[White "zafar"]
[Black "Hossa"]
[Result "1-0"]
[WhiteElo "2110"]
[BlackElo "2452"]
[PlyCount "73"]

1. e4 e5 2. Nf3 Nc6 3. Bb5 a6 4. Ba4 Nf6 5. O-O Nxe4 6. d4 b5 7. Bb3 d5 8. dxe5
Be6 9. Be3 Bc5 10. Qe2 O-O 11. Rd1 Be7 12. c4 bxc4 13. Bxc4 a5 14. Bb5 Nb8 15.
Bd3 Nd7 16. Qc2 Qb8 17. Nc3 Nxc3 18. Bxh7+ Kh8 19. bxc3 c6 20. Rab1 Qc7 21. c4
dxc4 22. Bd4 c5 23. Bc3 g6 24. Bxg6 fxg6 25. Qxg6 Ra6 26. Rd6 Bf5 27. Qh5+ Kg8
28. Rxa6 Bxb1 29. Rh6 Bf6 30. exf6 Rxf6 31. Ng5 Qe5 32. Bxe5 Nxe5 33. Rxf6 Bg6
34. Rxg6+ Kf8 35. Qh7 Nf3+ 36. Nxf3 c3 37. Rg8# 1-0

[Event "ICS Rated blitz match"]
[Site "204.178.125.65"]
[Date "2000.01.19"]
[Round "?"]
[White "yusuf-pov"]
[Black "Hossa"]
[Result "0-1"]
[WhiteElo "2124"]
[BlackElo "2449"]
[PlyCount "80"]

1. d4 Nf6 2. c4 g6 3. Nc3 Bg7 4. g3 Nc6 5. Bg2 e5 6. d5 Na5 7. Qd3 Qe7 8. e4
Qb4 9. Bf1 d6 10. Nf3 Bg4 11. Nd2 Bh6 12. a3 Qb6 13. Na4 Qd4 14. Qxd4 exd4 15.
Bg2 Bd7 16. Nc3 dxc3 17. bxc3 O-O 18. O-O Bxd2 19. Bxd2 Nxc4 20. Bg5 Kg7 21. h4
Rfe8 22. Rfe1 c6 23. Bc1 cxd5 24. Bg5 Nxe4 25. Be3 Nxe3 26. Rxe3 Rac8 27. Rc1
Nf6 28. Rd3 Bb5 29. Rd2 Bc4 30. f3 Re3 31. Rcc2 Bb3 32. Kh2 Bxc2 33. Rxc2 Rcxc3
34. Rd2 Rxa3 35. Rxd5 Nxd5 36. f4 Ra2 37. Kh3 Nxf4+ 38. Kg4 Ra4 39. gxf4 f5+
40. Kg5 Rg3# 0-1

[Event "ICS Rated blitz match"]
[Site "204.178.125.65"]
[Date "2000.01.19"]
[Round "?"]
[White "Hossa"]
[Black "yusuf-pov"]
[Result "1/2-1/2"]
[WhiteElo "2453"]
[BlackElo "2120"]
[PlyCount "91"]
[EventDate "2000.??.??"]

1. e4 e6 2. d4 d5 3. Nc3 Bb4 4. e5 c5 5. Bd2 Ne7 6. a3 Bxc3 7. Bxc3 cxd4 8.
Qxd4 Nbc6 9. Qg4 Ng6 10. Nf3 O-O 11. Bd3 Nce7 12. O-O Nf5 13. Bxf5 exf5 14. Qd4
Be6 15. Rad1 Ne7 16. Qb4 Qc7 17. Qd6 Rfc8 18. Ng5 Qxd6 19. exd6 Nc6 20. Rfe1
Re8 21. b4 a6 22. a4 b5 23. axb5 axb5 24. Nxe6 fxe6 25. f4 Rad8 26. Be5 Nxe5
27. fxe5 Rd7 28. Ra1 Rc8 29. Ra2 Rc4 30. Rb2 Kf7 31. Kf2 Ra7 32. Re3 h6 33. Ke2
Ke8 34. g3 Ra4 35. Kf3 Rcxb4 36. Rxb4 Rxb4 37. Rc3 Rc4 38. Rxc4 dxc4 39. Ke3
Kd7 40. c3 g5 41. h4 Kc6 42. h5 Kd7 43. Ke2 Kc6 44. Ke3 Kd7 45. Ke2 Kc6 46. Ke3
1/2-1/2

[Event "ICS Rated standard match"]
[Site "204.178.125.65"]
[Date "2000.01.19"]
[Round "?"]
[White "Hossa"]
[Black "HLL"]
[Result "1-0"]
[WhiteElo "2259"]
[BlackElo "1884"]
[PlyCount "34"]

1. e4 e5 2. Nf3 Nc6 3. Bb5 Qe7 4. O-O a6 5. Bxc6 dxc6 6. d4 f6 7. dxe5 fxe5 8.
Bg5 Qc5 9. Qd8+ Kf7 10. Qxc7+ Be7 11. Rd1 Nf6 12. Nxe5+ Ke6 13. Nf3 Nxe4 14.
Bxe7 Qxf2+ 15. Kh1 Re8 16. Bh4 Qxc2 17. Nd4+ Kd5 1-0

[Event "ICS rated blitz match"]
[Site "204.178.125.65"]
[Date "2000.01.19"]
[Round "?"]
[White "tiger25"]
[Black "Hossa"]
[Result "0-1"]
[WhiteElo "2063"]
[BlackElo "2441"]
[PlyCount "56"]

1. d4 Nf6 2. c4 g6 3. Nc3 Bg7 4. e4 d6 5. Nf3 O-O 6. Be2 e5 7. O-O Nc6 8. d5
Ne7 9. Ne1 Nd7 10. Be3 f5 11. f3 fxe4 12. Nxe4 Nf5 13. Bg5 Qe8 14. Nc2 Nd4 15.
Nxd4 exd4 16. Bd3 Ne5 17. Qd2 h6 18. Bh4 Qf7 19. Rae1 Qf4 20. Qxf4 Rxf4 21. Bg3
Nxd3 22. Bxf4 Nxf4 23. c5 dxc5 24. Nxc5 Nxd5 25. Re8+ Kf7 26. Rfe1 Ne3 27. Re4
Bf5 28. Rf4 g5 0-1

[Event "ICS rated blitz match"]
[Site "204.178.125.65"]
[Date "2000.01.19"]
[Round "?"]
[White "PostModernist"]
[Black "Hossa"]
[Result "1/2-1/2"]
[WhiteElo "2617"]
[BlackElo "2444"]
[PlyCount "158"]

1. c4 e6 2. Nc3 d5 3. d4 Nf6 4. Bg5 Nbd7 5. Nf3 h6 6. Bh4 dxc4 7. e4 g5 8. Bg3
Bb4 9. e5 Ne4 10. Qc2 Nxg3 11. hxg3 Nb6 12. O-O-O Bd7 13. Nd2 Bc6 14. Nxc4 Nxc4
15. Bxc4 Bxc3 16. Qxc3 Bxg2 17. Rh2 Bd5 18. Bxd5 Qxd5 19. Qxc7 Qxa2 20. Rdh1
Qa1+ 21. Kc2 Qa4+ 22. Kc1 Qa6 23. Rxh6 Rxh6 24. Rxh6 Qf1+ 25. Kc2 Qe2+ 26. Kb3
Qd1+ 27. Qc2 Qxc2+ 28. Kxc2 Rc8+ 29. Kd3 Rc6 30. f3 Rb6 31. Rh2 Rb3+ 32. Ke4 a5
33. Rh8+ Ke7 34. Rh2 a4 35. Rc2 b5 36. Rc7+ Ke8 37. Rc2 Kd7 38. Rd2 Kc6 39. g4
b4 40. Rc2+ Kb5 41. Rc5+ Kb6 42. Rc2 a3 43. bxa3 bxa3 44. Ra2 Kb7 45. f4 gxf4
46. Kxf4 Kc6 47. Ke4 Rg3 48. Kf4 Rc3 49. Ke4 Kb5 50. d5 exd5+ 51. Kd4 Kb4 52.
Rf2 Rc7 53. Kxd5 Ra7 54. Rf4+ Kb5 55. Rf2 Ra5 56. Rxf7 a2 57. Rf1 a1=Q 58. Rxa1
Rxa1 59. Kd6 Ra6+ 60. Kd5 Kb6 61. Kd6 Kb7+ 62. Kd7 Ra5 63. Ke6 Kc7 64. g5 Kd8
65. Kf7 Ra7+ 66. Kg8 Ra6 67. Kf7 Ra1 68. g6 Rf1+ 69. Kg8 Ke8 70. g7 Rf3 71. Kh7
Rh3+ 72. Kg8 Ke7 73. e6 Re3 74. Kh8 Kf6 75. g8=Q Rh3+ 76. Qh7 Rxh7+ 77. Kxh7
Ke7 78. Kg6 Ke8 79. e7 Kxe7 1/2-1/2

[Event "ICS Rated blitz match"]
[Site "204.178.125.65"]
[Date "2000.01.19"]
[Round "?"]
[White "Hossa"]
[Black "MysticWarrior"]
[Result "0-1"]
[WhiteElo "2451"]
[BlackElo "2444"]
[PlyCount "174"]

1. d4 Nf6 2. c4 e6 3. g3 d5 4. Bg2 Be7 5. cxd5 Nxd5 6. e4 Nb6 7. Ne2 O-O 8. O-O
Nc6 9. Nbc3 Re8 10. Bf4 e5 11. dxe5 g5 12. Be3 Nc4 13. Qb3 Nxe3 14. fxe3 Nxe5
15. Rad1 Bd6 16. Nd5 Nd7 17. Rxf7 Nc5 18. Re7 Nxb3 19. Nf6+ Kf8 20. Rxe8+ Qxe8
21. Nxe8 Kxe8 22. axb3 Bg4 23. Rd2 Rd8 24. Nd4 Be5 25. b4 c6 26. Bf1 Rd6 27.
Kg2 Bh5 28. Kh3 Kd7 29. Rd3 Bg6 30. Bg2 Ke7 31. Rd2 h5 32. g4 Rd8 33. gxh5 Bxh5
34. Nf5+ Ke8 35. Rxd8+ Kxd8 36. Nd4 Bd1 37. Bf1 Ke7 38. Kg2 Kf6 39. Bc4 a6 40.
h3 Bh5 41. Nb3 Bxb2 42. Nc5 Ba3 43. Nxb7 Bxb4 44. Bxa6 Ke5 45. Bd3 Ke6 46. Bc4+
Kf6 47. Nd8 Be8 48. Kf3 Be7 49. Nb7 Bd7 50. Bf1 Bb4 51. Kg3 Ke5 52. Bg2 c5 53.
Nd8 c4 54. Bf1 c3 55. Bd3 Be8 56. Bc2 Ba5 57. Nb7 Bb6 58. Kg4 Bc6 59. Nd6 Kxd6
60. Kf5 Bd7+ 61. Kxg5 Ke5 62. Kh4 Bc6 63. Bd1 Bxe4 64. Kg4 c2 65. Bxc2 Bxc2 66.
Kf3 Bd1+ 67. Kf2 Ke4 68. Ke1 Bf3 69. Kd2 Ba5+ 70. Kc2 Be1 71. Kb2 Kxe3 72. Kb3
Bd5+ 73. Ka4 Bh4 74. Kb5 Kd4 75. Kb6 Ke5 76. Kc5 Bf3 77. Kc4 Be2+ 78. Kb3 Kd4
79. Kb2 Kc4 80. Kc2 Bd3+ 81. Kd2 Kd4 82. Kd1 Kc3 83. Kc1 Be2 84. Kb1 Kb3 85.
Ka1 Bf6+ 86. Kb1 Bb2 87. h4 Bd3# 0-1

[Event "ICS rated blitz match"]
[Site "204.178.125.65"]
[Date "2000.01.19"]
[Round "?"]
[White "Hossa"]
[Black "PostModernist"]
[Result "1/2-1/2"]
[WhiteElo "2444"]
[BlackElo "2610"]
[PlyCount "108"]

1. d4 Nf6 2. c4 e6 3. Nf3 Bb4+ 4. Nbd2 b6 5. a3 Bxd2+ 6. Bxd2 h6 7. e3 Bb7 8.
Be2 O-O 9. O-O Ne4 10. Qc2 d6 11. Bd3 Nxd2 12. Nxd2 Qh4 13. Rad1 Nd7 14. b3 Nf6
15. f3 c5 16. g3 Qh5 17. Ne4 Bxe4 18. fxe4 Ng4 19. Qd2 a5 20. h4 a4 21. bxa4
Rxa4 22. Rb1 g5 23. Qd1 Rxa3 24. Rxb6 gxh4 25. Rf4 Nf6 26. Qxh5 Nxh5 27. Rxh4
Rxd3 28. Rxh5 cxd4 29. Rxd6 Rxe3 30. Rxd4 Rxg3+ 31. Kf2 Rg6 32. c5 f5 33. exf5
Rxf5+ 34. Rxf5 exf5 35. Rd5 Rf6 36. c6 Rxc6 37. Rxf5 Re6 38. Kg2 Kg7 39. Kh1
Rg6 40. Rh5 Rg5 41. Rxg5+ hxg5 42. Kg1 g4 43. Kg2 Kg6 44. Kg1 Kg5 45. Kg2 Kf4
46. Kf2 g3+ 47. Kg2 Kg4 48. Kg1 Kg5 49. Kg2 Kf4 50. Kg1 Kg5 51. Kg2 Kh4 52. Kg1
Kh3 53. Kh1 g2+ 54. Kg1 Kg3 1/2-1/2

[Event "ICS rated standard match"]
[Site "204.178.125.65"]
[Date "2000.01.19"]
[Round "?"]
[White "GodsProperty"]
[Black "Hossa"]
[Result "1-0"]
[WhiteElo "2012"]
[BlackElo "2262"]
[PlyCount "135"]

1. d4 Nf6 2. c4 e6 3. Nc3 Bb4 4. Qc2 O-O 5. a3 Bxc3+ 6. Qxc3 b6 7. Bg5 c5 8.
dxc5 bxc5 9. e4 Nxe4 10. Bxd8 Nxc3 11. Be7 Re8 12. Bxc5 Ne4 13. Be3 d5 14. Nf3
Ba6 15. cxd5 exd5 16. Bxa6 Nxa6 17. O-O Re7 18. Rfd1 Rd8 19. Rac1 h6 20. Nd4
Nb8 21. Bf4 Red7 22. f3 Nf6 23. Be5 Ne8 24. Nf5 Kh7 25. b3 f6 26. Bg3 g6 27.
Nd4 Ng7 28. Rc5 g5 29. Rb5 Na6 30. Ra5 Nb8 31. Rc1 f5 32. Bc7 Rc8 33. Rxa7 Ne8
34. Nb5 d4 35. Kf2 Nxc7 36. Raxc7 Rdxc7 37. Rxc7+ Rxc7 38. Nxc7 Kg6 39. Ke2 Kf6
40. b4 Ke5 41. Kd3 Nc6 42. Kc4 Na7 43. a4 Nc6 44. Na6 g4 45. f4+ Ke4 46. Nc5+
Ke3 47. b5 Nd8 48. g3 Nb7 49. b6 Nxc5 50. Kxc5 d3 51. b7 d2 52. b8=Q d1=Q 53.
Qe5+ Kf3 54. Qd5+ Qxd5+ 55. Kxd5 Kg2 56. a5 Kxh2 57. a6 h5 58. a7 Kxg3 59. Ke5
Kf2 60. a8=Q Kg3 61. Kxf5 Kf2 62. Ke4 h4 63. Qa2+ Kg1 64. Ke3 Kh1 65. Kf2 g3+
66. Kf3 h3 67. Kxg3 h2 68. Qg2# 1-0

[Event "ICS rated standard match"]
[Site "204.178.125.65"]
[Date "2000.01.19"]
[Round "?"]
[White "Hossa"]
[Black "GodsProperty"]
[Result "0-1"]
[WhiteElo "2256"]
[BlackElo "2121"]
[PlyCount "134"]

1. d4 d5 2. c4 dxc4 3. Nf3 Nf6 4. e3 e6 5. Bxc4 c5 6. O-O a6 7. a4 Nc6 8. Qe2
Qc7 9. Rd1 Bd6 10. dxc5 Bxc5 11. Nc3 O-O 12. Bd2 Bd7 13. Rac1 Rfd8 14. Bd3 Ne5
15. Nxe5 Qxe5 16. Qf3 Bc6 17. Qe2 Rd7 18. Be1 Qg5 19. g3 Rad8 20. Bc2 Qe5 21.
Rxd7 Rxd7 22. Rd1 Rxd1 23. Qxd1 Qc7 24. Qd3 Qa5 25. b3 b5 26. Bd2 b4 27. Ne2 e5
28. Bc1 Be4 29. Qc4 Bd5 30. Qd3 Qb6 31. Qf5 Bb7 32. Kf1 Qc6 33. Ke1 Bd6 34. f4
exf4 35. exf4 Bc5 36. Kd2 g6 37. Qd3 Bb6 38. Bb2 Ng4 39. Bd4 Nxh2 40. Bxb6 Nf3+
41. Kd1 Qxb6 42. Qd7 Qf2 43. Qe8+ Kg7 44. Kc1 Bd5 45. f5 gxf5 46. g4 Be4 47.
gxf5 Qe1+ 48. Kb2 Bxc2 49. Kxc2 Nd4+ 50. Kd3 Qd1+ 51. Kc4 Qxe2+ 52. Qxe2 Nxe2
53. Kd5 a5 54. Kc4 Nc1 55. Kc5 Nxb3+ 56. Kd5 h5 57. Ke5 f6+ 58. Ke4 Nc5+ 59.
Kd4 b3 60. Kc3 h4 61. Kd4 h3 62. Kd5 b2 63. Kd4 b1=Q 64. Kxc5 h2 65. Kd6 h1=Q
66. Ke6 Qd3 67. Ke7 Qhe4# 0-1

[Event "ICS rated standard match"]
[Site "204.178.125.65"]
[Date "2000.01.19"]
[Round "?"]
[White "lockdog"]
[Black "Hossa"]
[Result "0-1"]
[WhiteElo "2193"]
[BlackElo "2250"]
[PlyCount "32"]

1. e4 Nc6 2. Nf3 e5 3. Nc3 Bb4 4. Na4 Nf6 5. Bd3 d5 6. exd5 Nxd5 7. c3 Nf4 8.
Be4 Nxg2+ 9. Kf1 Bh3 10. cxb4 Ne3+ 11. Ke1 Nxd1 12. Kxd1 Qf6 13. Bxc6+ Qxc6 14.
Re1 Qxf3+ 15. Kc2 Bf5+ 16. d3 Qxd3# 0-1